• 首页
  • 本馆介绍
  • 公告通知
  • 最新文献
  • 馆藏检索
  • 电子资源
  • 读者导购
  • 参考咨询
  • 我的图书馆
  • 登录
  • 详细信息显示
  • 放入我的书架
  • 预约/预借图书
  • 作者相关作品
  • 分类相关作品
  • 丛书相关作品
  • 出版社相关作品

书目信息

  • 表格格式
  • 工作单格式
  • 卡片格式
题名:
碳纤维
    
 
作者: 许鹤鸣 编著
分册:  
出版信息: 北京   科学出版社  1979
页数: 118页
开本: 19cm
丛书名:
单 册:
中图分类: TQ34
科图分类:
主题词: 碳纤维--研究 , 化学纤维工业
电子资源:
ISBN:
000 00568nam0 2200229 45
001 0179006475
005 20061123090500.40
010    @dCNY0.33
091    @aCN@b15031.206
100    @a19950728d1979 em y0chiy0121 ea
101 0  @achi
102    @aCN@b110000
105    @ay z 000yy
200 10 @a碳纤维@Atan xian wei@f许鹤鸣编著
210    @a北京@c科学出版社@d1979
215    @a118页@d19cm
606    @a碳纤维@x研究
606 0  @a化学纤维工业
690    @aTQ34@v3
701  0 @a许鹤鸣@Axu he ming@4编著
801  0 @aCN@bTSSF@c20061123
905    @a10447@dTQ34@e1
    
    碳纤维/许鹤鸣编著.-北京:科学出版社,1979
    118页;19cm
    
    
    ISBN :CNY0.33
    
●
相关链接 在E读中查询图书 在五车中查询图书 在当当中查询图书 在豆瓣中查询图书


正题名:碳纤维     索取号:TQ34/1         预约/预借

序号 登录号 条形码 馆藏地/架位号 状态 备注
1 0004254   001647427   第二样本阅览室/ [索取号:TQ34/1] 在馆    
唐山师范学院图书馆 欢迎您!
大连网信软件有限公司© 版权所有